[Event "Budapest One Week GM 02"]
[Site "Budapest"]
[Date "2024.02.28"]
[Round "5"]
[White "Pap, Misa"]
[Black "Pribelszky, Bence"]
[Result "1-0"]
[WhiteElo "2412"]
[BlackElo "2375"]
[PlyCount "81"]
[EventDate "2024.02.26"]
[EventType "tourn"]
[EventRounds "9"]
[EventCountry "HUN"]
[EventCategory "6"]
[SourceTitle "CB11_2024"]
[SourceDate "2024.03.13"]
[SourceVersion "1"]
[SourceVersionDate "2024.03.13"]
[SourceQuality "1"]

1. e4 c5 2. Nf3 e6 3. d4 cxd4 4. Nxd4 Nc6 5. Nc3 Qc7 6. Be3 a6 7. Qf3 Bd6 8. 0-0-0 Be5 9. Nxc6 bxc6 10. Bd4 Nf6 11. Bxe5 Qxe5 12. Qe3 Ng4 13. Qe1 Nf6 14. f3 0-0 15. Bd3 Qg5+ 16. Kb1 d5 17. g4 Nd7 18. exd5 cxd5 19. Qg3 Rb8 20. Rhe1 Rb4 21. a3 Rb8 22. f4 Qd8 23. Qh3 h6 24. g5 Nc5 25. gxh6 g6 26. Qe3 Qb6 27. b4 Nxd3 28. Qxd3 a5 29. Na4 Qc6 30. Qd4 f6 31. Nc5 axb4 32. axb4 Kh7 33. Re3 Bd7 34. Ra3 Qc7 35. Na6 Qd6 36. Nxb8 Rxb8 37. c3 e5 38. fxe5 Bf5+ 39. Ka1 fxe5 40. Ra7+ Kh8 41. Qxd5 1-0

[Event "Budapest One Week GM 02"]
[Site "Budapest"]
[Date "2024.02.27"]
[Round "2"]
[White "Gaal, Zsoka"]
[Black "Pap, Misa"]
[Result "0-1"]
[WhiteElo "2363"]
[BlackElo "2412"]
[PlyCount "108"]
[EventDate "2024.02.26"]
[EventType "tourn"]
[EventRounds "9"]
[EventCountry "HUN"]
[EventCategory "6"]
[SourceTitle "CB11_2024"]
[SourceDate "2024.03.13"]
[SourceVersion "1"]
[SourceVersionDate "2024.03.13"]
[SourceQuality "1"]

1. d4 f5 2. Nf3 Nf6 3. g3 g6 4. Bg2 Bg7 5. c4 0-0 6. 0-0 d6 7. Nc3 c6 8. Re1 Ne4 9. Qc2 Na6 10. Nxe4 fxe4 11. Qxe4 Nb4 12. Bg5 Rf7 13. Rad1 h6 14. Bxh6 Bxh6 15. Qxg6+ Bg7 16. Ng5 Rf6 17. Qh7+ Kf8 18. Qh5 Bd7 19. Nh7+ Kg8 20. Nxf6+ exf6 21. e4 Qc8 22. h3 Be8 23. Qe2 c5 24. d5 Nxa2 25. f4 Nb4 26. g4 b5 27. b3 bxc4 28. bxc4 a5 29. h4 a4 30. g5 fxg5 31. hxg5 a3 32. e5 Qf5 33. exd6 Bd7 34. Qh5 a2 35. Be4 Qg4+ 36. Qxg4 Bxg4 37. Rc1 Bb2 38. Ra1 Bxa1 39. Rxa1 Rf8 40. Kf2 Rxf4+ 41. Ke3 Rf8 42. Rh1 Ra8 43. Ra1 Bd7 44. Kf4 Kg7 45. Ke5 Re8+ 46. Kf4 Rh8 47. Ke5 Rh5 48. Rg1 Rh2 49. Ra1 Re2 50. Kf4 Kg8 51. Bg6 Rg2 52. Rh1 Nc2 53. Bh7+ Kg7 54. Be4 Rg4+ 0-1

[Event "Budapest FS02 IM-2"]
[Site "Budapest"]
[Date "2024.02.16"]
[Round "2"]
[White "Pap, Misa"]
[Black "Zverev, Lev"]
[Result "0-1"]
[WhiteElo "2412"]
[BlackElo "2343"]
[PlyCount "100"]
[EventDate "2024.02.15"]
[EventType "tourn"]
[EventRounds "9"]
[EventCountry "HUN"]
[EventCategory "4"]
[SourceTitle "CB09_2024"]
[SourceDate "2024.02.28"]
[SourceVersion "1"]
[SourceVersionDate "2024.02.28"]
[SourceQuality "1"]

1. e4 e5 2. Nf3 Nc6 3. Bb5 a6 4. Ba4 Nf6 5. 0-0 b5 6. Bb3 Bc5 7. a4 Rb8 8. c3 d6 9. d4 Bb6 10. a5 Ba7 11. h3 Bb7 12. Be3 Nxe4 13. d5 Bxe3 14. dxc6 Nxf2 15. Qd5 Qf6 16. Rxf2 Bc8 17. Qe4 Bxf2+ 18. Kxf2 Bf5 19. Qe3 0-0 20. Nbd2 Be6 21. Bc2 Bd5 22. Be4 Bxe4 23. Qxe4 h6 24. Nf1 Qe6 25. Ne3 Kh8 26. Qd5 Qe7 27. Nc2 f5 28. Nb4 Ra8 29. Re1 Qf6 30. Qd2 Qg6 31. Nd5 e4 32. Nf4 Qf6 33. Nd4 Rae8 34. Kg1 Kh7 35. Qf2 Re5 36. Nh5 Qe7 37. h4 g5 38. hxg5 hxg5 39. g4 f4 40. Nf5 Qe6 41. Nhg7 Qd5 42. Qd4 Qxc6 43. Ne6 Rg8 44. Re2 Rxe6 45. Rh2+ Kg6 46. Rh8 Qe8 47. Rh6+ Kf7 48. Rh7+ Kf8 49. Rxc7 e3 50. Kf1 Qa8 0-1

[Event "SRB-ch sf"]
[Site "Paracin"]
[Date "2024.02.10"]
[Round "8"]
[White "Pap, Misa"]
[Black "Tadic, Stefan"]
[Result "1-0"]
[WhiteElo "2412"]
[BlackElo "2390"]
[PlyCount "149"]
[EventDate "2024.02.05"]
[EventType "swiss"]
[EventRounds "9"]
[EventCountry "SRB"]
[SourceTitle "CB07_2024"]
[SourceDate "2024.02.14"]
[SourceVersion "1"]
[SourceVersionDate "2024.02.14"]
[SourceQuality "1"]

1. e4 e5 2. Nf3 Nc6 3. Bb5 a6 4. Ba4 Nf6 5. d3 d6 6. c3 g6 7. 0-0 Bg7 8. Nbd2 0-0 9. Re1 h6 10. Bxc6 bxc6 11. d4 Nd7 12. dxe5 Nxe5 13. Nxe5 Bxe5 14. Nc4 Bg7 15. Bf4 a5 16. Qa4 c5 17. Rad1 Qe8 18. Qc2 Be6 19. Ne3 Qc6 20. Nd5 Rae8 21. c4 Qb7 22. Bd2 c6 23. Nc3 g5 24. h4 Qe7 25. hxg5 hxg5 26. Qc1 f6 27. Ne2 Qf7 28. Ng3 f5 29. exf5 Bxf5 30. Rxe8 Rxe8 31. Bc3 Rf8 32. Bxg7 Qxg7 33. Rxd6 Bh7 34. Qe3 Qxb2 35. Qxg5+ Kh8 36. Qe3 a4 37. Rd7 a3 38. f3 Rg8 39. Qh6 Qb1+ 40. Kh2 Qg6 41. Qxg6 Rxg6 42. Ra7 Rh6+ 43. Kg1 Rh4 44. Rxa3 Rxc4 45. Re3 Rc2 46. a3 c4 47. Ne4 Rb2 48. a4 Ra2 49. Nc5 Bg8 50. Kh2 Bd5 51. Kh3 Kg7 52. g4 Kg6 53. Kg3 Ra1 54. Kf4 Kf6 55. Nd7+ Kf7 56. Kf5 Rxa4 57. g5 Ra5 58. g6+ Kg7 59. Re7+ Bf7+ 60. Ne5 Rxe5+ 61. Rxe5 Bxg6+ 62. Kg5 Bf7 63. f4 Bd5 64. Re3 Kf7 65. f5 Bg2 66. Ra3 Bd5 67. Ra7+ Ke8 68. Kf6 c3 69. Ra3 c2 70. Rc3 Bb3 71. Rxc6 Kd7 72. Rc3 Kd6 73. Kg7 Ke5 74. f6 Kd4 75. Rxc2 1-0

[Event "SRB-ch sf"]
[Site "Paracin"]
[Date "2024.02.09"]
[Round "6"]
[White "Pap, Misa"]
[Black "Cuzovic, Ognjen"]
[Result "1-0"]
[WhiteElo "2412"]
[BlackElo "2012"]
[PlyCount "65"]
[EventDate "2024.02.05"]
[EventType "swiss"]
[EventRounds "9"]
[EventCountry "SRB"]
[SourceTitle "CB07_2024"]
[SourceDate "2024.02.14"]
[SourceVersion "1"]
[SourceVersionDate "2024.02.14"]
[SourceQuality "1"]

1. e4 c6 2. Nc3 d5 3. Nf3 Nf6 4. e5 Ne4 5. h3 e6 6. d3 Nxc3 7. bxc3 c5 8. g3 Nc6 9. Bg2 Be7 10. 0-0 0-0 11. Re1 b6 12. h4 Bb7 13. Bg5 h6 14. Bxe7 Qxe7 15. Qd2 Rfd8 16. Nh2 Qc7 17. Ng4 h5 18. Nh2 d4 19. c4 Ne7 20. Qg5 Bxg2 21. Kxg2 g6 22. g4 hxg4 23. Nxg4 Nf5 24. Nh6+ Kh7 25. Nxf5 exf5 26. h5 Qc6+ 27. f3 Kg7 28. e6 Re8 29. h6+ Kf8 30. Qf6 Rxe6 31. Rxe6 Qxe6 32. Qg7+ Ke7 33. Kf1 1-0

[Event "SRB-ch sf"]
[Site "Paracin"]
[Date "2024.02.05"]
[Round "1"]
[White "Mitrovic, Marjan"]
[Black "Pap, Misa"]
[Result "0-1"]
[WhiteElo "2138"]
[BlackElo "2412"]
[PlyCount "68"]
[EventDate "2024.02.05"]
[EventType "swiss"]
[EventRounds "9"]
[EventCountry "SRB"]
[SourceTitle "CB07_2024"]
[SourceDate "2024.02.14"]
[SourceVersion "1"]
[SourceVersionDate "2024.02.14"]
[SourceQuality "1"]

1. Nf3 f5 2. g3 Nf6 3. Bg2 d6 4. d4 g6 5. c4 Bg7 6. Nc3 0-0 7. 0-0 c6 8. Qc2 Qc7 9. b3 Na6 10. Rd1 Nb4 11. Qd2 a5 12. a3 Na6 13. Bb2 e5 14. b4 e4 15. Ne1 d5 16. b5 cxb5 17. cxb5 Nb8 18. Rdc1 Qd8 19. Na4 Nbd7 20. Rc2 Ne8 21. e3 Nd6 22. Bf1 Nf6 23. Rac1 g5 24. Nc5 f4 25. exf4 gxf4 26. Ng2 Bh6 27. Qe1 Nf5 28. Rd1 f3 29. Ne3 Nxe3 30. fxe3 Ng4 31. Qc3 Nxe3 32. Rdd2 Nxf1 33. Kxf1 Bh3+ 34. Kg1 e3 0-1

[Event "Budapest SixDays 01 GM-B"]
[Site "Budapest"]
[Date "2024.01.29"]
[Round "4"]
[White "Lee, Alice"]
[Black "Pap, Misa"]
[Result "0-1"]
[WhiteElo "2379"]
[BlackElo "2422"]
[PlyCount "170"]
[EventDate "2024.01.27"]
[EventType "tourn"]
[EventRounds "9"]
[EventCountry "HUN"]
[EventCategory "7"]
[SourceTitle "CB06_2024"]
[SourceDate "2024.02.07"]
[SourceVersion "1"]
[SourceVersionDate "2024.02.07"]
[SourceQuality "1"]

1. d4 Nf6 2. c4 e6 3. g3 c5 4. d5 exd5 5. cxd5 g6 6. Nc3 d6 7. Bg2 Bg7 8. Nf3 0-0 9. 0-0 Re8 10. Bf4 Na6 11. Re1 Bg4 12. h3 Bf5 13. g4 Be4 14. Nxe4 Nxe4 15. Rb1 b5 16. Nd2 Nxd2 17. Qxd2 c4 18. Be3 Qc7 19. Rbc1 Rac8 20. Bd4 Bxd4 21. Qxd4 Nc5 22. Rc3 Nd3 23. Rb1 Nc5 24. Kf1 Qa5 25. Ra3 Qb6 26. Qf4 Rc7 27. Rc1 Rce7 28. Rf3 Qc7 29. Rc2 Re4 30. Qd2 a5 31. Qd1 R4e5 32. Rf4 Qe7 33. Rd4 Qf6 34. Bf3 R5e7 35. Kg2 Nd3 36. Rxd3 cxd3 37. Qxd3 Rb8 38. Qd2 b4 39. Rc6 Kg7 40. b3 Qe5 41. Qd3 Ra7 42. Ra6 Rba8 43. Rb6 h5 44. gxh5 gxh5 45. Qe4 Qxe4 46. Bxe4 Ra6 47. Rb7 R8a7 48. Rb8 Rc7 49. Bd3 Raa7 50. Rb6 Rd7 51. f4 Rd8 52. e4 f5 53. exf5 Kf6 54. Kf3 h4 55. Kf2 Rg7 56. Be4 Rg3 57. Rb7 Re8 58. Bg2 Rc3 59. Rd7 Rc2+ 60. Kf3 Ree2 61. Bh1 Rh2 62. Kg4 Rxh1 63. Rxd6+ Ke7 64. Re6+ Kf7 65. Ra6 Rg1+ 66. Kf3 Rf1+ 67. Ke3 Rxa2 68. Kd4 Rd2+ 69. Ke5 Re2+ 70. Kd6 Rxf4 71. Rxa5 Rxf5 72. Ra7+ Kg6 73. Rb7 Rf4 74. Rb8 Re3 75. Kc7 Rc3+ 76. Kd7 Rf7+ 77. Ke6 Re3+ 78. Kd6 Rxb3 79. Rg8+ Rg7 80. Rb8 Kf5 81. Kc6 Rc3+ 82. Kd6 b3 83. Rb7 Rg6+ 84. Ke7 Re3+ 85. Kf7 Rd6 0-1

[Event "Seville op 49th"]
[Site "Seville"]
[Date "2024.01.19"]
[Round "8"]
[White "Pap, Misa"]
[Black "Goluch, Piotr"]
[Result "1-0"]
[WhiteElo "2422"]
[BlackElo "2313"]
[PlyCount "113"]
[EventDate "2024.01.12"]
[EventType "swiss"]
[EventRounds "9"]
[EventCountry "ESP"]
[SourceTitle "CB04_2024"]
[SourceDate "2023.10.16"]
[SourceVersion "1"]
[SourceVersionDate "2023.10.16"]
[SourceQuality "1"]

1. e4 c6 2. Nf3 d5 3. Nc3 a6 4. d4 Bg4 5. h3 Bh5 6. Bd3 e6 7. 0-0 Nf6 8. Re1 Be7 9. a4 Bg6 10. Ne5 dxe4 11. Nxg6 hxg6 12. Nxe4 Qxd4 13. Ng5 0-0 14. c3 Qd8 15. Qe2 e5 16. Rd1 Nbd7 17. a5 Nd5 18. h4 Qe8 19. Bc4 N7f6 20. Qxe5 Bc5 21. Qg3 Rd8 22. Qf3 Qd7 23. Be3 Bxe3 24. fxe3 Qe7 25. Rd4 Qxe3+ 26. Qxe3 Nxe3 27. Bxf7+ Kh8 28. Bxg6 Rxd4 29. cxd4 Nfg4 30. Re1 Kg8 31. Bh5 Rd8 32. Bf7+ Kh8 33. Be6 Rf8 34. Bxg4 Nxg4 35. Re7 g6 36. Nf7+ Kg8 37. Ne5 Nxe5 38. dxe5 Rf5 39. Kh2 Kf8 40. Re6 Kg7 41. Kg3 Kh6 42. Re7 g5 43. hxg5+ Kxg5 44. b4 Kh5 45. Kh3 Kg5 46. g3 Rf3 47. Rxb7 Rb3 48. Rb6 Kf5 49. Rxc6 Kxe5 50. Rb6 Kf5 51. Kh4 Rb1 52. g4+ Kf4 53. Rf6+ Ke5 54. Rxa6 Rxb4 55. Rb6 Ra4 56. a6 Ra5 57. g5 1-0

[Event "Budapest Vezerkepzo IM New Year"]
[Site "Budapest"]
[Date "2024.01.10"]
[Round "7"]
[White "Pap, Misa"]
[Black "Kolagatla, Alana Meenakshi"]
[Result "1-0"]
[WhiteElo "2422"]
[BlackElo "2169"]
[PlyCount "99"]
[EventDate "2024.01.05"]
[EventType "tourn"]
[EventRounds "11"]
[EventCountry "HUN"]
[SourceTitle "CB03_2024"]
[SourceDate "2024.01.17"]
[SourceVersion "1"]
[SourceVersionDate "2024.01.17"]
[SourceQuality "1"]

1. e4 c5 2. Nf3 d6 3. d4 cxd4 4. Nxd4 Nf6 5. Nc3 a6 6. Bc4 e6 7. a3 Nbd7 8. 0-0 b5 9. Ba2 Bb7 10. Re1 Nc5 11. Bd5 Qc7 12. Bg5 Be7 13. Bxb7 Qxb7 14. Qf3 0-0 15. Rad1 Rfd8 16. e5 Qxf3 17. Nxf3 dxe5 18. Nxe5 h6 19. Bh4 Kf8 20. Nc6 Rxd1 21. Rxd1 Rc8 22. Nxe7 Kxe7 23. f3 Rc7 24. Kf1 Rd7 25. Ke2 Rxd1 26. Kxd1 Ncd7 27. b3 Kd6 28. Kd2 Nd5 29. Bg3+ Kc6 30. Kd3 Nc5+ 31. Kd4 Nxc3 32. Kxc3 Kd5 33. Kb4 Nb7 34. Bc7 Kc6 35. Bb8 a5+ 36. Kc3 Kd5 37. Ba7 Nd6 38. Bb6 Nb7 39. Kd3 Nc5+ 40. Kd2 Nb7 41. h4 g6 42. g4 h5 43. Kd3 Nc5+ 44. Bxc5 Kxc5 45. g5 Kd5 46. b4 a4 47. f4 e5 48. fxe5 Kxe5 49. c4 bxc4+ 50. Kxc4 1-0

[Event "Budapest Vezerkepzo IM New Year"]
[Site "Budapest"]
[Date "2024.01.07"]
[Round "3"]
[White "Pap, Misa"]
[Black "Vincenti, Leonardo"]
[Result "1-0"]
[WhiteElo "2422"]
[BlackElo "2071"]
[PlyCount "83"]
[EventDate "2024.01.05"]
[EventType "tourn"]
[EventRounds "11"]
[EventCountry "HUN"]
[SourceTitle "CB03_2024"]
[SourceDate "2024.01.17"]
[SourceVersion "1"]
[SourceVersionDate "2024.01.17"]
[SourceQuality "1"]

1. e4 e6 2. d4 d5 3. Nd2 c5 4. Ngf3 cxd4 5. Nxd4 Nc6 6. Nxc6 bxc6 7. Bd3 Bd6 8. 0-0 Ne7 9. f4 a5 10. Qe2 a4 11. Kh1 Qc7 12. e5 Bc5 13. Rb1 Nf5 14. Nf3 h5 15. c4 dxc4 16. Bxf5 exf5 17. Be3 Be7 18. Rfc1 Ba6 19. Qf2 Rb8 20. Bc5 0-0 21. Ng5 Bxc5 22. Qxc5 Qb6 23. Qa3 Qb4 24. Qf3 g6 25. Qxc6 Qb5 26. Qf6 Bc8 27. e6 Bxe6 28. Nxe6 fxe6 29. Qxg6+ Kh8 30. Rc3 Qd7 31. Rh3 Rf7 32. Rxh5+ Rh7 33. Rxh7+ Qxh7 34. Qxe6 Qg7 35. Qxc4 Rxb2 36. Qc8+ Kh7 37. Qxf5+ Kg8 38. Qd5+ Kh7 39. Rc1 Qe7 40. Qd3+ Kh6 41. Rc6+ Kg7 42. Qg6+ 1-0

[Event "Budapest Vezerkepzo GM 12"]
[Site "Budapest"]
[Date "2023.12.21"]
[Round "8"]
[White "Pap, Misa"]
[Black "Mohammad, Nubairshah Shaikh"]
[Result "1-0"]
[WhiteElo "2426"]
[BlackElo "2434"]
[PlyCount "67"]
[EventDate "2023.12.14"]
[EventType "tourn"]
[EventRounds "9"]
[EventCountry "HUN"]
[EventCategory "6"]
[SourceTitle "CB52_2023"]
[SourceDate "2023.12.27"]
[SourceVersion "1"]
[SourceVersionDate "2023.12.27"]
[SourceQuality "1"]

1. e4 c6 2. d4 d5 3. Nd2 dxe4 4. Nxe4 Bf5 5. Ng3 Bg6 6. c3 e6 7. N1e2 Nf6 8. Nf4 Bd6 9. h4 Qc7 10. Qf3 Nbd7 11. h5 Bc2 12. h6 g6 13. Bd3 Bxd3 14. Nxd3 Qa5 15. Bf4 Be7 16. 0-0 Qd5 17. Qe2 0-0 18. Ne5 Rfd8 19. Rfd1 Qa5 20. Bg5 Kf8 21. b4 Qc7 22. c4 Nxe5 23. dxe5 Ng8 24. Qe3 Bxg5 25. Qxg5 Qe7 26. Qf4 Qxb4 27. Rab1 Qe7 28. Ne4 Rxd1+ 29. Rxd1 Rd8 30. Rd6 Ke8 31. c5 b6 32. cxb6 axb6 33. Rxc6 b5 34. Rb6 1-0

[Event "Budapest Vezerkepzo GM 12"]
[Site "Budapest"]
[Date "2023.12.20"]
[Round "7"]
[White "Vaz, Ethan"]
[Black "Pap, Misa"]
[Result "1-0"]
[WhiteElo "2400"]
[BlackElo "2426"]
[PlyCount "81"]
[EventDate "2023.12.14"]
[EventType "tourn"]
[EventRounds "9"]
[EventCountry "HUN"]
[EventCategory "6"]
[SourceTitle "CB52_2023"]
[SourceDate "2023.12.27"]
[SourceVersion "1"]
[SourceVersionDate "2023.12.27"]
[SourceQuality "1"]

1. e4 e5 2. Nf3 Nc6 3. d4 exd4 4. Nxd4 Bb4+ 5. c3 Bc5 6. Be3 Bb6 7. Nd2 Nf6 8. Bd3 0-0 9. 0-0 Ne5 10. Bc2 d5 11. exd5 Bg4 12. Qb1 Nxd5 13. Bxh7+ Kh8 14. Bf5 Nxe3 15. fxe3 Qg5 16. Rf4 Rae8 17. Bxg4 Nxg4 18. N2f3 Qh5 19. h3 Nh6 20. Rh4 Qd5 21. e4 Qd8 22. Kh1 Kg8 23. e5 f5 24. b4 c6 25. Qb3+ Qd5 26. c4 Qf7 27. Ng5 Qg6 28. c5+ Kh8 29. Nge6 Bd8 30. Nxf8 Rxf8 31. Rf4 Re8 32. Re1 Bc7 33. Nf3 Qg3 34. Qe3 Re6 35. Rd4 Rg6 36. Nh4 Rg5 37. Qxg3 Rxg3 38. Rd7 g5 39. Ng6+ Kg8 40. e6 Re3 41. Rxe3 1-0

[Event "Belgrade Trophy 36th"]
[Site "Belgrade"]
[Date "2023.12.01"]
[Round "7"]
[White "Pap, Misa"]
[Black "Blagojevic, Dragisa"]
[Result "1/2-1/2"]
[WhiteElo "2426"]
[BlackElo "2438"]
[PlyCount "28"]
[EventDate "2023.11.25"]
[EventType "swiss"]
[EventRounds "9"]
[EventCountry "SRB"]
[SourceTitle "CB49_2023"]
[SourceDate "2023.12.06"]
[SourceVersion "1"]
[SourceVersionDate "2023.12.06"]
[SourceQuality "1"]

1. e4 e5 2. Nf3 Nc6 3. Bb5 a6 4. Ba4 Nf6 5. 0-0 Be7 6. Re1 b5 7. Bb3 d6 8. c3 0-0 9. h3 h6 10. d4 Re8 11. Nbd2 Bf8 12. a4 Bb7 13. d5 Nb8 14. c4 c6 1/2-1/2

[Event "SRB-ch Central int"]
[Site "Dimitrovgrad"]
[Date "2023.08.22"]
[Round "4"]
[White "Odabasi, Ruzgar"]
[Black "Pap, Misa"]
[Result "0-1"]
[WhiteElo "1594"]
[BlackElo "2400"]
[PlyCount "188"]
[EventDate "2023.08.20"]
[EventType "swiss"]
[EventRounds "9"]
[EventCountry "BUL"]
[SourceTitle "CBM 215 Extra"]
[Source "ChessBase"]
[SourceDate "2023.09.30"]
[SourceVersion "1"]
[SourceVersionDate "2023.09.30"]
[SourceQuality "1"]

1. d4 Nf6 2. c4 e6 3. Nc3 Bb4 4. Qc2 Nc6 5. Nf3 d6 6. Bd2 0-0 7. a3 Bxc3 8. Bxc3 Re8 9. Rd1 Qe7 10. e3 e5 11. dxe5 dxe5 12. Be2 a5 13. 0-0 Bg4 14. h3 Bh5 15. Rd2 a4 16. Rfd1 Bg6 17. Qc1 h6 18. Ne1 Ne4 19. Rd7 Qf6 20. Nf3 Nc5 21. Qd2 Nxd7 22. Qxd7 Bc2 23. Rc1 Re7 24. Qd5 Bf5 25. Qb5 Qe6 26. Qxb7 Rb8 27. Qa6 Nd4 28. Qxe6 Nxe2+ 29. Kf1 Bxe6 30. Kxe2 Bxc4+ 31. Ke1 Bd5 32. Bb4 Ree8 33. Rxc7 Rbc8 34. Rd7 Be4 35. Bc3 f6 36. Ke2 Red8 37. Ra7 Ra8 38. Rc7 Bd3+ 39. Ke1 Rdc8 40. Rd7 Bf5 41. Rb7 Be4 42. Rd7 Bc6 43. Rd6 Ra7 44. Ke2 Bb5+ 45. Ke1 Rd7 46. Rb6 Bc6 47. Ra6 Kf7 48. Ra5 Rcd8 49. Ke2 Rd5 50. Rxd5 Bxd5 51. Ne1 Bc4+ 52. Kf3 Ke6 53. Kg3 Be2 54. Nc2 Kd5 55. Nb4+ Kc5 56. e4 Bc4 57. f3 Rd1 58. Nc2 Be6 59. Ne3 Rd3 60. Kf2 h5 61. Ke2 Rd7 62. Bb4+ Kc6 63. Bc3 Rb7 64. Kd2 g6 65. Ke2 Rb5 66. Kd2 Kd7 67. Ke2 Ba2 68. Bb4 Bb3 69. Bc3 Ke6 70. Bb4 f5 71. exf5+ gxf5 72. g4 hxg4 73. hxg4 f4 74. Nf5 Rd5 75. Bd2 Bc4+ 76. Ke1 Rd3 77. Nh4 Kf6 78. Bc3 Re3+ 79. Kf2 Re2+ 80. Kg1 Kg5 81. Nf5 Bd5 82. Nd6 Bxf3 83. Nc4 e4 84. Kf1 Rh2 85. Ne5 Bxg4 86. Nf7+ Kg6 87. Ne5+ Kf5 88. Nxg4 Kxg4 89. b4 axb3 90. a4 Ra2 91. a5 e3 92. a6 Kf3 93. a7 Rxa7 94. Be1 Ra2 0-1

[Event "SRB-ch Central int"]
[Site "Dimitrovgrad"]
[Date "2023.08.20"]
[Round "1"]
[White "Pap, Misa"]
[Black "Bozinovic, Boban"]
[Result "1-0"]
[WhiteElo "2400"]
[BlackElo "1954"]
[PlyCount "57"]
[EventDate "2023.08.20"]
[EventType "swiss"]
[EventRounds "9"]
[EventCountry "BUL"]
[SourceTitle "CBM 215 Extra"]
[Source "ChessBase"]
[SourceDate "2023.09.30"]
[SourceVersion "1"]
[SourceVersionDate "2023.09.30"]
[SourceQuality "1"]

1. e4 c5 2. Nf3 Nc6 3. d4 cxd4 4. Nxd4 Nf6 5. Nc3 e5 6. Ndb5 d6 7. Bg5 a6 8. Na3 b5 9. Bxf6 gxf6 10. Nd5 Bg7 11. c4 b4 12. Nc2 a5 13. Bd3 Ne7 14. Qf3 Nxd5 15. exd5 Bh6 16. 0-0 Rg8 17. Bxh7 Bg4 18. Qe4 Rg5 19. Ne3 Bd7 20. f4 Rg7 21. Bf5 Qb6 22. Kh1 Rc8 23. Bxd7+ Kxd7 24. Nf5 Rg6 25. fxe5 dxe5 26. Nh4 Rgg8 27. Qh7 Rcf8 28. c5 Qxc5 29. Qxh6 1-0

[Event "Merida World Heritage op 3rd"]
[Site "Merida"]
[Date "2023.08.04"]
[Round "8"]
[White "Lianes Garcia, Marcos"]
[Black "Pap, Misa"]
[Result "1/2-1/2"]
[WhiteElo "2407"]
[BlackElo "2407"]
[PlyCount "43"]
[EventDate "2023.07.31"]
[EventType "swiss"]
[EventRounds "9"]
[EventCountry "ESP"]
[SourceTitle "CBM 215 Extra"]
[Source "ChessBase"]
[SourceDate "2023.09.30"]
[SourceVersion "1"]
[SourceVersionDate "2023.09.30"]
[SourceQuality "1"]

1. d4 f5 2. c4 Nf6 3. g3 d6 4. Bg2 c6 5. Nf3 g6 6. 0-0 Bg7 7. Nc3 0-0 8. d5 e5 9. dxe6 Bxe6 10. b3 Na6 11. Ng5 Bc8 12. Bb2 Qe7 13. Qc2 Bd7 14. Rad1 Rad8 15. e3 Bc8 16. Rfe1 h6 17. Nf3 Qf7 18. Nh4 d5 19. cxd5 Nb4 20. Qe2 g5 21. Nf3 Nbxd5 22. Nxd5 1/2-1/2

[Event "Merida World Heritage op 3rd"]
[Site "Merida"]
[Date "2023.08.01"]
[Round "2"]
[White "Pacetti Terra, Nicolas"]
[Black "Pap, Misa"]
[Result "0-1"]
[WhiteElo "1995"]
[BlackElo "2407"]
[PlyCount "92"]
[EventDate "2023.07.31"]
[EventType "swiss"]
[EventRounds "9"]
[EventCountry "ESP"]
[SourceTitle "CBM 215 Extra"]
[Source "ChessBase"]
[SourceDate "2023.09.30"]
[SourceVersion "1"]
[SourceVersionDate "2023.09.30"]
[SourceQuality "1"]

1. d4 Nf6 2. c4 e6 3. Nf3 c5 4. d5 b5 5. dxe6 fxe6 6. cxb5 d5 7. g3 Be7 8. Bg2 0-0 9. 0-0 a6 10. bxa6 Rxa6 11. Nbd2 Nc6 12. e4 Nb4 13. a3 c4 14. Qe2 Nd3 15. b3 Nxc1 16. Rfxc1 cxb3 17. Rcb1 Nxe4 18. Rxb3 Nc5 19. Rbb1 Bf6 20. Ne5 Nd7 21. Nxd7 Qxd7 22. Ra2 Qa7 23. Rb3 Rc6 24. Qb5 Rc1+ 25. Nf1 Ba6 26. Qb6 Qxb6 27. Rxb6 Bc4 28. Rd2 Bc3 29. Rdb2 Bxb2 30. Rxb2 Ra8 31. f4 Rxa3 32. Kf2 Ra2 33. Rxa2 Bxa2 34. Ke3 Bc4 35. Nd2 Re1+ 36. Kd4 Rd1 37. Kc3 Be2 38. Nb3 d4+ 39. Nxd4 Rd3+ 40. Kc4 Rxg3+ 41. Nxe2 Rxg2 42. Nd4 Rxh2 43. Nxe6 h5 44. Kd3 h4 45. Ng5 h3 46. Ke3 Ra2 0-1

[Event "Merida World Heritage op 3rd"]
[Site "Merida"]
[Date "2023.07.31"]
[Round "1"]
[White "Pap, Misa"]
[Black "Costa, Carlos Alberto Sa"]
[Result "1-0"]
[WhiteElo "2407"]
[BlackElo "1666"]
[PlyCount "55"]
[EventDate "2023.07.31"]
[EventType "swiss"]
[EventRounds "9"]
[EventCountry "ESP"]
[SourceTitle "CBM 215 Extra"]
[Source "ChessBase"]
[SourceDate "2023.09.30"]
[SourceVersion "1"]
[SourceVersionDate "2023.09.30"]
[SourceQuality "1"]

1. e4 e5 2. Nf3 Nc6 3. Nc3 Nf6 4. Bb5 a6 5. Ba4 b5 6. Bb3 Bc5 7. d3 Na5 8. Nxe5 Nxb3 9. axb3 h6 10. 0-0 0-0 11. Ng4 Nxg4 12. Qxg4 d6 13. Qg3 c6 14. Bxh6 Qf6 15. Be3 Bd4 16. Bf4 Bc5 17. e5 dxe5 18. Bxe5 Qh6 19. Rfe1 f6 20. Bd6 Bxd6 21. Qxd6 Bb7 22. Re7 Rab8 23. Ne4 c5 24. Nxc5 Bxg2 25. Kxg2 Qg5+ 26. Kf1 Rbc8 27. b4 Qg4 28. Qg3 1-0